Molecular mechanisms in muscular contraction /

Actomyosin.

Bibliographic Details
Other Authors: Squire, John, 1945-
Format: Book
Language:English
Published: Boca Raton, Fla. : CRC Press, 1990.
Series:Topics in molecular and structural biology (Boca Raton, Fla.)
Subjects:

MARC

Tag First Indicator Second Indicator Subfields
LEADER 00000cam a22000008a 4500
001 in00004472987
005 20191202143237.0
008 890512s1990 flua b 00100 eng c
010 |a  89009912  
020 |a 0849371147 
035 |a (OCoLC)19814343 
035 |9 AAE2482MS 
035 |z (UtOrBLW)13577 
035 |a 24163 
040 |a DNLM/DLC  |c DLC  |d TMV  |d UtOrBLW 
049 |a TMVM  |c 1 
050 0 0 |a QP321  |b .M764 1989 
060 0 |a WE 500 M7183 
060 4 |a WE 500  |b M7183 1990 
082 0 |a 591.1/852  |2 19 
245 0 0 |a Molecular mechanisms in muscular contraction /  |c edited by John M. Squire. 
264 1 |a Boca Raton, Fla. :  |b CRC Press,  |c 1990. 
300 |a xii, 327 pages :  |b illustrations ;  |c 24 cm. 
336 |a text  |2 rdacontent  |b txt 
337 |a unmediated  |2 rdamedia 
338 |a volume  |2 rdacarrier  |b nc 
490 1 |a Topics in molecular and structural biology 
504 |a Includes bibliographical references and index. 
520 8 |a Actomyosin. 
650 2 |a Muscle Contraction. 
650 2 |a Muscle Proteins. 
700 1 |a Squire, John,  |d 1945- 
830 0 |a Topics in molecular and structural biology (Boca Raton, Fla.) 
948 |a Keep and update per EC; 2003 evaluation, nb 10/02/03. 
999 |a MARS 
999 f f |s 6aa897d4-0e1d-3715-b048-1c7e5b86172a  |i ae14d42b-f3c7-38d5-8ae2-b5c1d8404885  |t 0 
952 f f |p ric  |a Texas A&M University  |b Rellis Campus  |c Joint Library Facility  |d Remote Storage  |t 0  |e WE 500 M7183 1990  |h National Library of Medicine classification  |i unmediated -- volume  |m 323890095852B 
998 f f |a WE 500 M7183 1990  |t 0  |l Remote Storage